00250 a2200109 4500001000700000020000600007040001100013100003200024240004000056245003500096362000900131167739 a  cMagnum aMarcellino, Nelson C. (Org)10aIntroducao as ciencias sociaislpor10aIntroducao as ciencias sociais0 a1899